| 000 | 00475nam a22001577a 4500 | ||
|---|---|---|---|
| 082 |
_a624.15136 _bPRO _cL-16, P-31 |
||
| 100 |
_aA. S. T. M _940881 |
||
| 245 |
_aProcedures for testing soils _cA. S. T. M |
||
| 250 | _a4th ed. | ||
| 260 |
_aUSA _bAmerican society for testing ans material _c1964 |
||
| 300 |
_aviii, 540 p. _bill. _c24 cm.. |
||
| 526 |
_a0 _b0 _c0 _d624_151360000000000_PRO |
||
| 526 |
_a0 _b0 _c0 _d624_151360000000000_PRO |
||
| 650 |
_aMCE _9379 |
||
| 942 |
_2ddc _cBK |
||
| 999 |
_c546374 _d546374 |
||